Russian Emigration to the EU and Its Potential

Výsledky analýzy ruskej emigrácie do EÚ. Vymedzenie pojmu migrácia a migrant. Nesúlad ruskej emigrácie medzi ruskou federálnou štátnou štatistickou službou a štatistickými úradmi hostiteľských krajín EÚ. Ruský emigračný tok do EÚ. Faktory ovplyvňujúce emigráciu obyvateľov Ruska.

Gespeichert in:
Bibliographische Detailangaben
1. Verfasser: Seresová, Terézia, 1991-
Format: Buchkapitel
Sprache:Englisch
Schlagworte:
Tags: Tag hinzufügen
Keine Tags, Fügen Sie das erste Tag hinzu!

MARC

LEADER 00000naa$a2200000$$$4500
001 0272534
005 20240502074309.1
041 0 |a eng 
044 |a SK 
245 1 0 |a Russian Emigration to the EU and Its Potential  |c Terézia Seresová 
520 |a Výsledky analýzy ruskej emigrácie do EÚ. Vymedzenie pojmu migrácia a migrant. Nesúlad ruskej emigrácie medzi ruskou federálnou štátnou štatistickou službou a štatistickými úradmi hostiteľských krajín EÚ. Ruský emigračný tok do EÚ. Faktory ovplyvňujúce emigráciu obyvateľov Ruska. 
610 2 0 |a štatistika 
610 2 0 |a emigrácia 
610 2 0 |a Rusko 
100 1 |a Seresová, Terézia, 1991-